| 000 | 00417cam a2200181 4500 | ||
|---|---|---|---|
| 001 | D3133 | ||
| 008 | 090401t1970 xxu||||| |||| 00| 0 eng d | ||
| 035 | _a(Sirsi) u71938 | ||
| 041 | _aeng | ||
| 050 | _a692.5 | ||
| 100 | _aDent, Colin | ||
| 245 | _aQuantity surveying: a fully metricated text | ||
| 260 |
_aLondon _bOUP _c1970 |
||
| 300 | _ax. 378p. 25cm | ||
| 350 | _a5.75 | ||
| 942 | _n0 | ||
| 948 | _c04/03/1997 | ||
| 999 |
_c95462 _d95462 |
||